• 首页
  • 本馆介绍
  • 公告通知
  • 最新文献
  • 馆藏检索
  • 电子资源
  • 读者导购
  • 参考咨询
  • 我的图书馆
  • 登录
  • 详细信息显示
  • 放入我的书架
  • 预约/预借图书
  • 作者相关作品
  • 分类相关作品
  • 丛书相关作品
  • 出版社相关作品

书目信息

  • 表格格式
  • 工作单格式
  • 卡片格式
题名:
归来
    
 
作者: 大海 著
分册:  
出版信息: 长春   吉林文史出版社  2020.08
页数: 16, 184页
开本: 21cm
丛书名:
单 册:
中图分类: I247.82
科图分类:
主题词: 小小说--小说集--中国--当代
电子资源:
ISBN: 978-7-5472-6956-5
000 01217nam0 2200241 450
001 0102100436
005 20210402100824.0
010    @a978-7-5472-6956-5@dCNY39.80
100    @a20210105d2020 em y0chiy50 ea
101 0  @achi
102    @aCN@b220000
105    @ay z 000ay
106    @ar
200 1  @a归来@Agui lai@e大海小小说精选评点集@f大海著
210    @a长春@c吉林文史出版社@d2020.08
215    @a16, 184页@d21cm
330    @a本书精选小小说作家张海军发表在全国各地报刊上的优秀小小说57篇,大海的微型小说核心细节的艺术质量较高,大海的微型小说情节结构能够充分展现这种文体的独特魅力和审美光彩。小说集共有五个部分,其中《中国式公仔》就是围绕着一个“中国布娃娃”的寻找、制作,展现主人公的爱国之情。在《父亲的米粉》里写到的那一碗米粉的细节,就让远在他乡的父亲储满了思乡之情,微型小说核心细节承载了传统文化内涵。相当多的结构均是这种“折叠+跳移”,正是这样的情节结构,一方面完整地形成了微型小说的情节特色;另一方面人物形象蕴含的文学立意使读者去展开思考和想象。
517 1  @a大海小小说精选评点集@Ada hai xiao xiao shuo jing xuan ping dian ji
606 0  @a小小说@x小说集@y中国@z当代
690    @aI247.82@v5
701  0 @a大海@Ada hai@4著
801  0 @aCN@bBJSZM@c20210402
905    @b1278176-80@dI247.82@e1003@f5
    
    归来:大海小小说精选评点集/大海著.-长春:吉林文史出版社,2020.08
    16, 184页;21cm
    
    
    ISBN 978-7-5472-6956-5:CNY39.80
    本书精选小小说作家张海军发表在全国各地报刊上的优秀小小说57篇,大海的微型小说核心细节的艺术质量较高,大海的微型小说情节结构能够充分展现这种文体的独特魅力和审美光彩。小说集共有五个部分,其中《中国式公仔》就是围绕着一个“中国布娃娃”的寻找、制作,展现主人公的爱国之情。在《父亲的米粉》里写到的那一碗米粉的细节,就让远在他乡的父亲储满了思乡之情,微型小说核心细节承载了传统文化内涵。相当多的结构均是这种“折叠+跳移”,正是这样的情节结构,一方面完整地形成了微型小说的情节特色;另一方面人物形象蕴含的文学立意使读者去展开思考和想象。
●
相关链接 在E读中查询图书 在五车中查询图书 在当当中查询图书 在豆瓣中查询图书


正题名:归来     索取号:I247.82/1003         预约/预借

序号 登录号 条形码 馆藏地/架位号 状态 备注
1 1278176   212781765   第一样本阅览室/ [索取号:I247.82/1003] 在馆    
2 1278177   212781774   教育系资料室/ [索取号:I247.82/1003] 在馆    
3 1278178   212781783   教育系资料室/ [索取号:I247.82/1003] 在馆    
4 1278179   212781792   第二借阅区/ [索取号:I247.82/1003] 在馆    
5 1278180   212781809   第二借阅区/ [索取号:I247.82/1003] 在馆    
唐山师范学院图书馆 欢迎您!
大连网信软件有限公司© 版权所有